चिंध्यांची देवी आणि इतर कविता (Record no. 1262025)

MARC details
000 -LEADER
fixed length control field 00739nam a2200193Ia 4500
008 - FIXED-LENGTH DATA ELEMENTS--GENERAL INFORMATION
fixed length control field 151121s9999||||xx |||||||||||||| ||und||
082 ## - DEWEY DECIMAL CLASSIFICATION NUMBER
Classification number ढसाळ/811
082 ## - DEWEY DECIMAL CLASSIFICATION NUMBER
Item number HNW-112748
100 ## - MAIN ENTRY--PERSONAL NAME
Personal name ढसाळ नामदेव
245 ## - TITLE STATEMENT
Title चिंध्यांची देवी आणि इतर कविता
260 ## - PUBLICATION, DISTRIBUTION, ETC. (IMPRINT)
Name of publisher, distributor, etc "लोकवाङमय गृह, मुंबई।"
260 ## - PUBLICATION, DISTRIBUTION, ETC. (IMPRINT)
Date of publication, distribution, etc 2012
300 ## - PHYSICAL DESCRIPTION
Extent 100
600 ## - SUBJECT ADDED ENTRY--PERSONAL NAME
Personal name ढसाळ नामदेव
630 ## - SUBJECT ADDED ENTRY--UNIFORM TITLE
Uniform title चिंध्यांची देवी आणि इतर कविता
700 ## - ADDED ENTRY--PERSONAL NAME
Personal name ढसाळ नामदेव
730 ## - ADDED ENTRY--UNIFORM TITLE
Uniform title चिंध्यांची देवी आणि इतर कविता
942 ## - ADDED ENTRY ELEMENTS (KOHA)
Koha item type Book
Holdings
Withdrawn status Lost status Damaged status Not for loan Home library Current library Date acquired Cost, normal purchase price Total Checkouts Full call number Barcode Date last seen Cost, replacement price Price effective from Koha item type
        Hirachand Nemchand Wachanalaya, Solapur Hirachand Nemchand Wachanalaya, Solapur 06/03/2013 300.00   HNW-112748 HNW-112748 11/21/2015 300.00 11/21/2015 Book